000 00804nam a2200229Ia 4500
001 16659
003 GE_BSU
008 181216s||||||||xx |||||||||||||| ||und||
040 _cGE_BSU
080 _a821.353.1-32
100 _aმაღულარია, გივი
245 _aცეცხლი ცისა და მიწისა
245 _bმითოლოგ. მოთხრობა
245 _cრედ.ნ.ლორთქიფანიძე. მხ.ე.ბერძენიშვილი
260 _aთბილისი
260 _bნაკადული
260 _c1975
300 _a187გვ. ; 16სმ
653 _aმითოლოგ. მოთხრობა
653 _aცეცხლი ცისა და მიწისა
942 _cBK
999 _c49724
_d49724